| 000 | 00364nam a22001457a 4500 | ||
|---|---|---|---|
| 003 | MACL | ||
| 005 | 20190901155843.0 | ||
| 008 | 190901b xxu||||| |||| 00| 0 eng d | ||
| 040 | _c MACL | ||
| 100 |
_aChhuanawma, Lh _976515 |
||
| 245 | _aPolitical Theory | ||
| 260 |
_aGuwahati _bScience Book _c2015 |
||
| 650 |
_aPolitical Science _976517 |
||
| 942 |
_2ddc _cBK |
||
| 999 |
_c60916 _d60916 |
||